Aylik istatistik bülteni

Na minha lista:
Detalhes bibliográficos
Formato: Periódico
Idioma:turco
Publicado em: Ankara Devlet istatistik enstitüsü 1991
Tags: Adicionar Tag
Sem tags, seja o primeiro a adicionar uma tag!

MARC

LEADER 00000nas2a2200000 4500
001 s015098
005 20250618092906.4
041 0 |a tur 
044 |a TR 
245 1 0 |a Aylik istatistik bülteni 
264 1 |a Ankara  |b Devlet istatistik enstitüsü  |c 1991 
300 |a 1 zv.